| 000 | 00607nai a2200181Ia 4500 | ||
|---|---|---|---|
| 003 | IN-BaIIA | ||
| 008 | 211028c9999 xx s 000 0 eng d | ||
| 022 | _a1660-5446 (Print) | ||
| 022 | _a1660-5454 (Online) | ||
| 040 | _cIIA Library | ||
| 245 | 0 |
_aMediterranean Journal of Mathematics _h[eJournal] |
|
| 260 |
_aBasel, Switzerland _bSpringer International Publishing |
||
| 310 | _aBi-monthly | ||
| 362 | _a1(1); 2004 - Present | ||
| 521 | _bSubscribed through National Knowledge Resource Consortium (NKRC) | ||
| 856 |
_uhttps://www.springer.com/journal/9 _yClick Here to Access eJournal |
||
| 942 | _cEJ | ||
| 999 |
_c35343 _d35343 |
||